Central Library OPAC University of Rajshahi

Islamic economics / (Record no. 45415)

MARC details
000 -LEADER
fixed length control field 00565nam a2200217 a 4500
001 - CONTROL NUMBER
control field 45415
003 - CONTROL NUMBER IDENTIFIER
rucl marc code BD-RjUL
005 - DATE AND TIME OF LATEST TRANSACTION
control field 20250310110620.0
008 - FIXED-LENGTH DATA ELEMENTS--GENERAL INFORMATION
fixed length control field 160726s1989 ii ||||| |||| 00| 0 eng d
020 ## - INTERNATIONAL STANDARD BOOK NUMBER
International Standard Book Number 8170242630
035 ## - SYSTEM CONTROL NUMBER
System control number (BD-RjUL)45415
040 ## - CATALOGING SOURCE
Original cataloging agency BD-RjUL
Language of cataloging eng
Transcribing agency BD-RjUL
041 ## - LANGUAGE CODE
Language code of text/sound track or separate title eng
082 ## - DEWEY DECIMAL CLASSIFICATION NUMBER
Edition number 23
Classification number 297.273
Author mark and year SHI 1989
100 ## - MAIN ENTRY--PERSONAL NAME
Personal name Shaghil,M
9 (RLIN) 139052
245 10 - TITLE STATEMENT
Title Islamic economics /
Statement of responsibility, etc. M.Shaghil
260 ## - PUBLICATION, DISTRIBUTION, ETC. (IMPRINT)
Place of publication, distribution, etc. Delhi :
Name of publisher, distributor, etc. Ashish publishing house,
Date of publication, distribution, etc. 1989
300 ## - PHYSICAL DESCRIPTION
Pagination 175 p.;
Size 21 cm.
650 ## - SUBJECT ADDED ENTRY--TOPICAL TERM
Topical term or geographic name as entry element Islam and Economic
9 (RLIN) 139053
942 ## - ADDED ENTRY ELEMENTS (KOHA)
Source of classification or shelving scheme Dewey Decimal Classification
Koha item type Books
Holdings
Lost status Source of classification or shelving scheme Damaged status Not for loan Collection code Permanent Location Current Location Shelving location Date acquired Source of acquisition Cost, normal purchase price Total Checkouts Full call number Date last seen Date checked out Copy number Koha item type
  Dewey Decimal Classification     Non-fiction Central Library, University of Rajshahi Central Library, University of Rajshahi General Stacks 23/04/2008 Paragon Enterprise ltd., Dhaka 150.00 1 297.273 SHI 1989 26/10/2021 12/03/2020 C-2 Books
  Dewey Decimal Classification   Not For Loan Non-fiction Central Library, University of Rajshahi Central Library, University of Rajshahi Reading Room 23/04/2008 Paragon Enter prise 150.00   297.273 SHI 1989 10/03/2025   C-1 Books